000 00502nam a2200217Ia 4500
008 150909s9999 xx 000 0 und d
041 _aEnglish
082 _a338.1
082 _bFAR/GR
100 _aFarmer B.H
100 _eEditor
245 _aGreen revolution
260 _aLondon
260 _bMac millan press
260 _c1977
300 _a429 Pages
365 _aRs.143
650 _aAgricultural Economics
650 _aAgricultural Extension
942 _cBK
999 _c228181
_d228181